Rajnaitik samajtattwa/ (Record no. 11585)

MARC details
000 -LEADER
fixed length control field 00609nam a22002177a 4500
005 - DATE AND TIME OF LATEST TRANSACTION
control field 20230822161715.0
008 - FIXED-LENGTH DATA ELEMENTS--GENERAL INFORMATION
fixed length control field 230822b ||||| |||| 00| 0 eng d
020 ## - INTERNATIONAL STANDARD BOOK NUMBER
International Standard Book Number 9789389865240
040 ## - CATALOGING SOURCE
Original cataloging agency IN-DiNC
Transcribing agency IN-DiNC
041 ## - LANGUAGE CODE
Language code of sung or spoken text Assamese
082 ## - DEWEY DECIMAL CLASSIFICATION NUMBER
Classification number 306.2
Item number SAI
100 ## - MAIN ENTRY--PERSONAL NAME
Personal name Saikia, Utpal
Relator term Author
245 ## - TITLE STATEMENT
Title Rajnaitik samajtattwa/
Statement of responsibility, etc. by Utpal Saikia, Purnima Phukan and Priyanka Tamuli
250 ## - EDITION STATEMENT
Edition statement 2nd ed.
260 ## - PUBLICATION, DISTRIBUTION, ETC.
Place of publication, distribution, etc. Dibrugarh:
Name of publisher, distributor, etc. Banalata,
Date of publication, distribution, etc. 2021.
300 ## - PHYSICAL DESCRIPTION
Extent 176p.
650 ## - SUBJECT ADDED ENTRY--TOPICAL TERM
Topical term or geographic name entry element Political sociology
700 ## - ADDED ENTRY--PERSONAL NAME
Personal name Phukan, Purnima
Relator term Author
700 ## - ADDED ENTRY--PERSONAL NAME
Personal name Tamuli, Priyanka
Relator term Author
942 ## - ADDED ENTRY ELEMENTS (KOHA)
Source of classification or shelving scheme Dewey Decimal Classification
Koha item type Books
Holdings
Withdrawn status Lost status Source of classification or shelving scheme Damaged status Not for loan Collection code Home library Current library Shelving location Date acquired Cost, normal purchase price Total Checkouts Full call number Barcode Date last seen Date last checked out Copy number Price effective from Koha item type
    Dewey Decimal Classification     Sociology Central Library, Naharkatiya College Central Library, Naharkatiya College General Stacks 22/08/2023 220.00 6 306.2 SAI 29589 15/12/2023 05/12/2023 1 22/08/2023 Books
    Dewey Decimal Classification     Sociology Central Library, Naharkatiya College Central Library, Naharkatiya College General Stacks 22/08/2023 220.00 10 306.2 SAI 29590 13/11/2025 17/10/2025 2 22/08/2023 Books
    Dewey Decimal Classification     Sociology Central Library, Naharkatiya College Central Library, Naharkatiya College General Stacks 22/08/2023 220.00 4 306.2 SAI 29591 17/11/2025 09/09/2025 3 22/08/2023 Books

Naharkatiya College © 2020. All rights reserved.

Powered By